000 00950 a2200169 4500
003 Nust
005 20221020145858.0
020 _a0076-2016
040 _cNust
082 _a620.03,MCG
245 _aMcGraw-Hill yearbook of science and technology / David I. Eggenberger
_cSerial (Periodical, Newspaper, etc.)
260 _aNew York,
_bMcGraw-Hill Book Co.
_c1965
300 _a454:p
_bv. ill. 26 cm.
505 _aPreview of 1965 (Page 1-77), Computer aided Design (Page 1-9), Virus and Cancer (Page 10-17), Quasi-Stellar radio sources (Page 18-25), Behavior Genetics (Page 26-35), Underground nuclear explosion detection (Page 36-45), Air sea interaction (Page 46-51), Microorganisms in evolution (Page 52-58), International hydrologic decade (Page 59-65), organ transplant developments (Page 66-67), Photographic highlights (Page 79-94), Review of 1964 (Page 95-431).
650 _a yearbook of science and technology.
_9101017
942 _2ddc
_cBK
999 _c182775
_d182775